000 00640 a2200193 4500
020 _a978-0-8493-7425-8 :
040 _aDLC
_bDLC
082 0 4 _a510.246213
100 1 _aManassah, Jamal T
245 1 0 _aElementary mathematical and computational tools for electrical and computer engineers using MATLAB
_cJamal T. Manassah
250 _a2 ed.
260 _aBoca Raton, Fla. :
_bCRC ;
_aLondon :
_bTaylor & Francis [distributor],
_c2006
300 _a457 s.
500 _aPrevious ed.: 2001
650 0 _aElectric engineering
_xMathematics
650 0 _aComputer science
_xMathematics
650 0 _aMATLAB
942 _cBK
_k510.246213 MAN
_2ddc
999 _c7389
_d7389